| 000 -ლიდერი |
| ფიქსირებული სიგრძის საკონტროლო ველი |
01747nam a22002657a 4500 |
| 003 - საკონტროლო ნომრის იდენტიფიკატორი |
| საკონტროლო ველი |
Ge_BSU |
| 005 - ბოლო ოპერაციის თარიღი და დრო |
| საკონტროლო ველი |
20250604095959.0 |
| 008 - ფიქსირებული სიგრძის მონაცემთა ელემენტები - ზოგადი ინფორმაცია |
| ფიქსირებული სიგრძის საკონტროლო ველი |
250603s2018 ge ||||| |||| 00| 0 geo d |
| 020 ## - წიგნის საერთაშორისო სტანდარტული ნომერი |
| International Standard Book Number |
9789941476617 |
| 041 ## - ენის კოდი |
| Language code of text/sound track or separate title |
geo |
| 080 ## - უნივერსალური ათობითი კლასიფიკაციის ინდექსი |
| Universal Decimal Classification number |
51(075.8) მ-15 |
| 245 ## - ცნობა სათაურის შესახებ |
| Title |
მათემატიკა : მე-6 კლასი : |
| Remainder of title |
მასწავლებლის წიგნი / |
| Statement of responsibility, etc |
ავტორები : გ. გოგიშვილი, თეიმურაზ ვეფხვაძე, ია მებონია, ლამარა ქურჩიშვილი; რედ. თეიმურაზ ვეფხვაძე. |
| 264 ## - წარმოების, გამოცემის, დისტრიბუციის და სხვა ცნობები |
| გამოცემის, წარმოების, დისტრიბუციის... ადგილი |
თბილისი: |
| გამოცემის, წარმოების, დისტრიბუციის... სახელწოდება |
ინტელექტი, |
| გამოცემის, წარმოების, დისტრიბუციის... თარიღი |
2018. |
| 300 ## - ფიზიკური აღწერა |
| Extent |
234 გვ. ; |
| Other physical details |
29 სმ. |
| 500 ## - ზოგადი შენიშვნა |
| General note |
გრიფმინიჭებულია საქართველოს განათლების, მეცნიერების, კულტურისა და სპორტის სამინისტროს მიერ 2018 წლის 24 ივლისს, ბრძანება #25 |
| 504 ## - BIBLIOGRAPHY, ETC. NOTE |
| Bibliography, etc |
ბიბლიოგრ. გვ.233 |
| 653 ## - INDEX TERM--UNCONTROLLED |
| Uncontrolled term |
მოქმედებები ათწილადებზე |
| 653 ## - INDEX TERM--UNCONTROLLED |
| Uncontrolled term |
სტატისტიკა |
| 700 ## - ADDED ENTRY--PERSONAL NAME |
| Personal name |
გოგიშვილი, გ. |
| Relator term |
ავტორი |
| 9 (RLIN) |
25232 |
| 700 ## - ADDED ENTRY--PERSONAL NAME |
| Personal name |
ვეფხვაძე, თეიმურაზ |
| Relator term |
ავტორი |
| 9 (RLIN) |
25233 |
| 700 ## - ADDED ENTRY--PERSONAL NAME |
| Personal name |
მებონია, ია |
| Relator term |
ავტორი |
| 9 (RLIN) |
5603 |
| 700 ## - ADDED ENTRY--PERSONAL NAME |
| Personal name |
ქურჩიშვილი, ლამარა |
| Relator term |
ავტორი |
| 9 (RLIN) |
25234 |
| 700 ## - ADDED ENTRY--PERSONAL NAME |
| Personal name |
ვეფხვაძე, თეიმურაზ |
| Relator term |
რედაქტორი |
| 9 (RLIN) |
25235 |
| 942 ## - ADDED ENTRY ELEMENTS (KOHA) |
| Source of classification or shelving scheme |
|
| Koha item type |
წიგნი |